| 000 | 01382cam a2200433 4500 | ||
|---|---|---|---|
| 001 | sjds1114361 | ||
| 003 | sjds | ||
| 005 | 20180623110426.0 | ||
| 008 | 751126t19921964nyua b 000 1 eng | ||
| 010 | _a 64011840 | ||
| 020 | _a0060256664 (lib. bdg.) | ||
| 020 | _a9780060256661 (lib. bdg.) | ||
| 020 | _a9780060256654 (hard) | ||
| 020 |
_a0060256664 _c$17.89 |
||
| 035 | _a76377 | ||
| 035 | _a(OCoLC)00411623 | ||
| 035 | _a76377 | ||
| 040 |
_dUtOrBLW _csjds |
||
| 041 | _aeng | ||
| 049 | _aIFAA | ||
| 099 | _f1992 | ||
| 999 |
_c20952 _d20952 |
||
| 999 | _bPICTURE BOOKS SILVERSTEIN 1992 | ||
| 100 | 1 |
_aSilverstein, Shel, _eauthor. |
|
| 245 | 1 | 4 |
_aThe giving tree / _cShel Silverstein. |
| 260 |
_aNew York, N.Y. : _bHarper & Row, _c[1992], c1964 |
||
| 264 | 1 |
_aNew York, N.Y. : _bHarper & Row, _c[1992] |
|
| 264 | 4 | _cc1964 | |
| 300 |
_a57 unnumbered pages : _billustrations ; _c23 cm |
||
| 336 |
_atext _btxt _2rdacontent |
||
| 337 |
_aunmediated _bn _2rdamedia |
||
| 338 |
_avolume _bnc _2rdacarrier |
||
| 500 | _aEnglish version | ||
| 500 | _aSome copies may have a 50th anniversary sticker. | ||
| 520 | 0 | _aA young boy grows to manhood and old age experiencing the love and generosity of a tree which gives to him without thought of return. | |
| 521 | 8 |
_a530 _bLexile |
|
| 526 | 0 |
_aAccelerated Reader _bLG _c2.6 _d0.5 _z5469 |
|
| 650 | 0 |
_aTrees _vJuvenile fiction. |
|
| 942 | _cBK | ||